000 00868nam a2200217Ii 4500
003 JO-AjNU
008 230605s9999||||xx |||||||||||||| ||und||
020 _a978-9957-687-47-2
040 _aJO-AjNU
_bara
_erda
_cJO-AjNU
041 _aara
050 1 4 _aDP101.S264.2019
100 3 _aالسامرائي، فراس سليم,
_eauthor
_960722
245 0 0 _aتاريخ المسلمون السياسي والحضاري في بلاد الاندلس(91-897هـ/710-1492مـ)
250 _aط1
264 3 1 _aعمان: دار صفاء للنشر والتوزيع، 2019
300 _a304ص
_bيحتوي على ملاحق من ص(275-286) + خرائط
336 _atext
_btxt
_2rdacontent
337 _aunmediated
_bn
_2rdamedia
338 _avolume
_bnc
_2rdacarrier
650 4 _aالتاريخ الاسلامي-الفتوحات الاسلامية-الاندلس
_960723
999 _aA27397
_c30965
_d30965